00989nam a2200193 a 4500008004100000050001700041100002300058245004600081260003200127300001700159350000900176650002400185650001300209995015000222995014200372999001700514952012800531952013600659120416s1975 ||||||||||||||||| || u aHD 69.S6 Gre aGreene, Gardiner G10aHow to start and manage your own business aNew YorkbMcGraw-Hillc1975 ax, 243 pages a0.00 aBUSINESS MANAGEMENT 0aBUSINESS aANNEX COLLECTION (Main Library)D0.00e717580FCBU-MAIN LIBRARY (Kitwe)H2I0.00jHD 69.S6 GreM1UAVAILABLEy004621ZAnnex Low-Usage Collection  aBINDERY (DAMAGED)D0.00e706178FCBU-MAIN LIBRARY (Kitwe)H1I0.00jHD 69.S6 GreM2UDAMAGEDy004622ZMain Library Open Access Collection c76201d76201 00102lcc4070a001b001cAnnex Low-Usage Collection d2023-04-25l0oHD 69.S6 Grep004621r2023-04-25t1w2023-04-25y002 00102lcc4070a001b001cMain Library Open Access Collectiond2023-04-25l0oHD 69.S6 Grep004622r2023-04-25t2w2023-04-25y002